| 000 | 01120nac a22002651u 4500 | ||
|---|---|---|---|
| 010 | _a 93004710 | ||
| 020 | _a007023924X | ||
| 020 | _a0071133372 | ||
| 082 | 0 | 0 |
_a005.133 _bG685 |
| 090 |
_c4128 _d4128 |
||
| 100 | _aGottfried, Byron S., | ||
| 245 | 1 | 0 |
_aSchaum's outline of theory and problems of programming with Pascal ; _bwith emphasis on Turbo Pascal and with features of standard ANSI Pascal / _cByron S. Gottfried. |
| 250 | _a2nd ed. | ||
| 260 |
_aNew York : _bMcGraw-Hill, _c1994. |
||
| 300 |
_aviii, 428 p. : _bill. ; _c28 cm. |
||
| 490 | 1 | _aSchaum's outline series | |
| 500 | _aIncludes index. | ||
| 650 | 0 | _aPascal (Computer program language) | |
| 740 | 0 | _aTheory and problems of programming with Pascal. | |
| 830 | 0 | _aSchaum's outline series. | |
| 856 | 4 | 2 |
_3Publisher description _uhttp://www.loc.gov/catdir/description/mh031/93004710.html |
| 856 | 4 | 2 |
_3Table of contents _uhttp://www.loc.gov/catdir/toc/mh021/93004710.html |
| 942 |
_cBB _k005.133G685 |
||
| 999 |
_c4128 _d4128 |
||